| 000 | 00000nam##2200000za#4500 |
| 001 | 9.580811 |
| 003 | CaOODSP |
| 005 | 20231208112831 |
| 007 | cr ||||||||||| |
| 008 | 150406|2012||||xxc|||||o f|0| 0 eng|d |
| 040 | |aCaOODSP|beng |
| 043 | |an-cn--- |
| 086 | 1 |aPS83-7/2012-1E-PDF |
| 110 | 1 |aCorrectional Service Canada. |bResearch Branch. |
| 245 | 10|aRecidivism in pharmacologically treated high risk/high need sex offenders |h[electronic resource] |
| 260 | |aOttawa - Ontario : |bCorrectional Service Canada. |cJuly 2012. |
| 300 | |a1p. |
| 490 | 1 |aExternal research summary |vNo. 12-01 |
| 590 | |a14-16-Supp|b2014-09-25 |
| 775 | 08|tLe récidivisme chez les délinquants sexuels présentant un risque ou des besoins élevés qui font l'objet d'un traitement pharmacologique |w(CaOODSP)9.607754 |
| 830 | #0|aExternal research summary ;|vNo. 12-01|w(CaOODSP)9.507898 |
| 856 | 40|ahttp://publications.gc.ca|qPDF|s86 KB|uhttps://publications.gc.ca/collections/collection_2014/scc-csc/PS83-7-12-1-eng.pdf|yNo. 12-01 |